[Event "KAZ-ch U18 Girls"]
[Site "Ak Bulak"]
[Date "2022.03.24"]
[Round "6"]
[White "Popandopulo, Irina"]
[Black "Kurmangaliyeva, Liya"]
[Result "0-1"]
[WhiteElo "1455"]
[BlackElo "2146"]
[PlyCount "108"]
[EventDate "2022.03.20"]
[EventType "swiss"]
[EventRounds "8"]
[EventCountry "KAZ"]
[SourceTitle "EXT 2023"]
[Source "ChessBase"]
[SourceDate "2022.10.05"]
[SourceVersion "1"]
[SourceVersionDate "2022.10.05"]
[SourceQuality "1"]

1. e4 c5 2. Nf3 Nc6 3. Bb5 g6 4. d4 Bg7 5. c3 cxd4 6. cxd4 Nf6 7. Nc3 a6 8. Bxc6 bxc6 9. e5 Nd5 10. Nxd5 cxd5 11. 0-0 Qb6 12. Ng5 h6 13. Nh3 0-0 14. Nf4 Bb7 15. Be3 a5 16. Qd2 Kh7 17. Ne2 Ba6 18. f4 f5 19. Kh1 Qb4 20. Rfe1 Rab8 21. Rab1 Qxd2 22. Bxd2 Bd3 23. Rbd1 Rxb2 24. Nc3 Bc4 25. Be3 Rfb8 26. a4 e6 27. Rb1 Bf8 28. Nb5 Rxb1 29. Rxb1 Bb4 30. Na3 Bd3 31. Rb3 Be4 32. h3 Rc8 33. Kg1 Rc3 34. Rxc3 Bxc3 35. Kf2 Bb2 36. Nb5 Bc2 37. Bd2 Bxa4 38. Bc3 Bc1 39. Nd6 Bxf4 40. Bxa5 g5 41. Bd8 Kg6 42. Ne8 Bc1 43. Nd6 h5 44. Nb7 f4 45. Nc5 Be3+ 46. Ke1 Bc2 47. Nxd7 Bxd4 48. Bf6 Kf5 49. Kd2 Be4 50. h4 g4 51. Bg5 Bxg2 52. Nf6 Be3+ 53. Ke2 Bf3+ 54. Kd3 g3 0-1

[Event "KAZ-ch U18 Girls"]
[Site "Ak Bulak"]
[Date "2022.03.22"]
[Round "3"]
[White "Shakenova, Indira"]
[Black "Popandopulo, Irina"]
[Result "0-1"]
[WhiteElo "1295"]
[BlackElo "1455"]
[PlyCount "70"]
[EventDate "2022.03.20"]
[EventType "swiss"]
[EventRounds "8"]
[EventCountry "KAZ"]
[SourceTitle "EXT 2023"]
[Source "ChessBase"]
[SourceDate "2022.10.05"]
[SourceVersion "1"]
[SourceVersionDate "2022.10.05"]
[SourceQuality "1"]

1. Nf3 Nf6 2. c4 c5 3. b3 g6 4. g3 Bg7 5. Bb2 0-0 6. Bg2 Nc6 7. 0-0 d6 8. d3 Bd7 9. h3 Qc8 10. Kh2 Ng4+ 11. hxg4 Bxb2 12. Nbd2 Bxa1 13. Qxa1 Bxg4 14. Rh1 f6 15. Kg1 Ne5 16. d4 Nxf3+ 17. Nxf3 Bxf3 18. Bxf3 Rb8 19. Qc3 e6 20. d5 e5 21. Qe3 b5 22. Qh6 Qc7 23. cxb5 Rxb5 24. e4 Qg7 25. Qd2 Rb4 26. Qc2 f5 27. exf5 gxf5 28. Be2 e4 29. Bc4 Rb7 30. Kg2 Re7 31. Qc1 f4 32. Rh3 e3 33. fxe3 fxe3 34. Bd3 Qg4 35. Qe1 Rf2+ 0-1